Living the Vivekananda Way/ (Record no. 215205)

MARC details
000 -LEADER
fixed length control field 00551nam a22001817a 4500
005 - DATE AND TIME OF LATEST TRANSACTION
control field 20260302124903.0
010 ## - LCCN (DPL NO)
LC control number BACCHEN26
020 ## - INTERNATIONAL STANDARD BOOK NUMBER
International Standard Book Number 9789370033412
Terms of availability 295.00
037 ## - SOURCE OF ACQUISITION
Source of stock number/acquisition Rupa Publications
082 ## - DEWEY DECIMAL CLASSIFICATION NUMBER
Edition number 1
Classification number 294.44
100 ## - MAIN ENTRY--PERSONAL NAME
Personal name Awasthi, Ananya
245 ## - TITLE STATEMENT
Title Living the Vivekananda Way/
Statement of responsibility, etc Ananya Awasthi [and] Nikhil Yadav
250 ## - EDITION STATEMENT
Edition statement 1
260 ## - PUBLICATION, DISTRIBUTION, ETC. (IMPRINT)
Place of publication, distribution, etc New Delhi
Name of publisher, distributor, etc Rupa Publications
Date of publication, distribution, etc 2025
270 ## - ADDRESS
Address 7/16, Ansari Road, Daryaganj
City New Delhi
Postal code 110002
300 ## - PHYSICAL DESCRIPTION
Extent 154p.
Dimensions 20cm(pb)
942 ## - ADDED ENTRY ELEMENTS (KOHA)
Source of classification or shelving scheme Dewey Decimal Classification
Item type English Books
Call number suffix AWA
Classification part 294.44

No items available.


© Delhi Public Library
Hit Counter
free hit counter